NXT North American Champions - Statistics

General Stats
  • This quiz has been taken 1,824 times
    139 since last reset
  • The average score is 17 of 23
Answer Stats
Title Reigns Last Won Champion % Correct
1 2025 Ethan Page
92%
1 2020 Keith Lee
91%
1 2018 Adam Cole
90%
3 2020 Johnny Gargano
89%
1 2024 Oba Femi
89%
1 2023 Dragon Lee
87%
1 2022 Wes Lee
87%
1 2023 Trick Williams
85%
2 2023 Dominik Mysterio
82%
2 2022 Carmelo Hayes
81%
1 2025 Ricky Saints
79%
1 2018 Ricochet
76%
1 2019 Roderick Strong
76%
1 2019 Velveteen Dream
73%
1 2026 Myles Borne
71%
1 2024 Tony D'Angelo
71%
1 2020 Damian Priest
70%
1 2022 Solo Sikoa
53%
1 2025 Shawn Spears
51%
1 2020 Leon Ruff
49%
1 2021 Bronson Reed
46%
1 2021 Isaiah "Swerve" Scott
42%
1 2022 Cameron Grimes
37%
No matching quizzes found
Score Distribution
Percent of People with Each Score
Percentile by Number Answered
Your Score History
You have not taken this quiz since the last reset